000 00950nam a2200301 i 4500
001 12473
003 KOSZ 005
005 20171006115747.0
008 990506s1958 pl f d |000 0 gre
015 _aPB 1959/712
040 _aWA N
_cWA N
_dKOSZ 005/EG
041 0 _agre
_apol
046 _k1958
080 _a811.14
080 _a811.162.1
080 _a(03)
999 _c12473
_d12473
999 _bxxx
245 0 0 _aSłownik grecko-polski.
_nT. 1,
_pA-Δ /
_cpod red. Zofii Abramowiczówny.
260 _aWarszawa :
_bPańst. Wydaw. Naukowe,
_c1958.
300 _aXXV, [1], 631, [1] s. ;
_c22 cm.
380 _aKsiążki.
500 _aCałość obejmuje 4 t.
655 4 _aSłowniki nowogrecko-polskie.
655 4 _aSłowniki polsko-nowogreckie.
700 1 _aAbramowiczówna, Zofia
_d(1906-1988).
_eRedakcja
856 _uhttp://koha.tu.koszalin.pl/cgi-bin/koha/opac-detail.pl?biblionumber=12473
_yKatalog online BPK
942 _2UKD
_cKS